00381nam a22001337a 4500003000500000038001000005082001300015100001800028245006300046260003500109300001900144650005600163700002800219NUST asaima a005bMCS aNaveed, Sidra aMulti Robot User Interface Design Based on HCI Princples / aIslamabad :bMCS - NUST,c2014 a77 p. ;c30cm. aComputer Sciences-Multi Robot User Interface Design aLt. Col. Dr. Naveed Rao